000 02423nam a2200325Ia 4500
999 _c56525
_d56525
001 23639
003 GE_BSU
005 20191223114758.0
008 181216s2007||||ge |||||||||||||| ||geo||
020 _a9789941409301
040 _cGE_BSU
041 _ageo
080 _a94(479.223) ს-24
245 _aსამხრეთ-დასავლეთ საქართველოს ისტორიის ნარკვევები : აჭარა = Очерки истории Юго-Западной Грузии : Аджария 4 ტომად :
_bტ. 1 : (უძველესი დროიდან ახ.წ. V საუკუნემდე) /
_cტომის ავტ.: გიორგი მელიქიშვილი, ოთარ ჯაფარიძე, დავით მუსხელიშვილი და სხვ. ; რედ. დავით ხახუტაიშვილი, ამირან კახიძე.
264 _aბათუმი :
_bშპს "დიოსკურია-2004,
_c2007.
300 _a480 გვ.;
_b29 სმ.
300 _eძირითადი შემოკლ.: გვ. 368-369. - ილუსტრაციები: გვ. 370-480. - ბიბლიოგრ. ტექსტ. შენიშვნ..
501 _aძირითადი შემოკლ.: გვ. 368-369. - ილუსტრაციები: გვ. 370-480.
504 _aბიბლიოგრ. ტექსტ. შენიშვნ.
520 _aპარალ. სათ. რუს. და ინგლ.
541 _h3333333333333333333333
653 _a სამხრეთ-დასავლეთ საქართველოს ისტორია
653 _a აჭარის ისტორია
700 _aმელიქიშვილი, გიორგი
_eავტორი
_95899
700 _aჯაფარიძე, ოთარ და სხვ.
_eავტორი
_95900
700 _eრედაქტორი
_95902
_aხახუტაიშვილი, დავით
700 _eრედაქტორი
_95902
_aკახიძე, ამირან
710 _aბათუმის შოთა რუსთაველის სახ. უნ-ტი
_95906
_bბათუმის ნ. ბერძენიშვილის ინ-ტი
942 _cBK
_2udc